000 00390nam a2200169Ia 4500
001 4668
003 IN-NITTTR
005 20251114233002.0
008 251113s9999||||xx |||||||||||||| ||eng||
040 _beng
040 _cIN-NITTTR
041 _aeng
082 _a595.44 S95S
100 _aSavory, Theodore
245 0 _aSpiders and other arachnids /
_cSavory, Theodore
942 _2ddc
_cBK
999 _c7304
_d7304